
Library Catalogue

| 000 -LEADER | |
|---|---|
| fixed length control field | 01566cam a2200205 i 4500 |
| 005 - DATE AND TIME OF LATEST TRANSACTION | |
| control field | 20260420174856.0 |
| 008 - FIXED-LENGTH DATA ELEMENTS--GENERAL INFORMATION | |
| fixed length control field | 141031s2015 njua b 001 0 eng |
| 020 ## - INTERNATIONAL STANDARD BOOK NUMBER | |
| International Standard Book Number | 9780691220550 (pbk) |
| 082 00 - DEWEY DECIMAL CLASSIFICATION NUMBER | |
| Classification number | 330.1 TSI |
| 100 1# - MAIN ENTRY--PERSONAL NAME | |
| Personal name | Tsing, Anna Lowenhaupt |
| 245 14 - TITLE STATEMENT | |
| Title | The mushroom at the end of the world : |
| Remainder of title | on the possibility of life in capitalist ruins / |
| Statement of responsibility, etc. | Anna Lowenhaupt Tsing. |
| 264 #1 - PRODUCTION, PUBLICATION, DISTRIBUTION, MANUFACTURE, AND COPYRIGHT NOTICE | |
| Place of production, publication, distribution, manufacture | Princeton : |
| Name of producer, publisher, distributor, manufacturer | Princeton University Press, |
| Date of production, publication, distribution, manufacture, or copyright notice | 2015. |
| 300 ## - PHYSICAL DESCRIPTION | |
| Extent | xii, 331 p. : |
| Dimensions | 21 cm |
| 365 ## - TRADE PRICE | |
| Price amount | Rs. 1481.00 |
| 505 0# - FORMATTED CONTENTS NOTE | |
| Formatted contents note | Prologue: autumn aroma -- What's left? -- Arts of noticing -- Contamination as collaboration -- Some problems with scale -- Interlude: smelling -- After progress : salvage accumulation -- Working the edge "freedom" -- Open ticket, Oregon -- War stories -- What happened to the state? : two kinds of Asian Americans in translation -- Between the dollar and the yen -- From gifts to commodities and back -- Salvage rhythms : business in disturbance -- Interlude: tracking -- Disturbed beginnings : unintentional design -- The life of the forest : coming up among pines -- History -- Resurgence -- Serendipity -- Ruin in gaps and patches -- In science as translation -- Flying spores -- Interlude: dancing -- In the middle of things -- Matsutake crusaders -- Ordinary assets -- Anti-ending : some people I met along the way -- Spore trail: the further adventures of a mushroom -- Notes -- Index. |
| 650 #0 - SUBJECT ADDED ENTRY--TOPICAL TERM | |
| Topical term or geographic name entry element | Human ecology. |
| 650 #0 - SUBJECT ADDED ENTRY--TOPICAL TERM | |
| Topical term or geographic name entry element | Economic development |
| General subdivision | Environmental aspects. |
| 650 #0 - SUBJECT ADDED ENTRY--TOPICAL TERM | |
| Topical term or geographic name entry element | Environmental degradation. |
| 942 ## - ADDED ENTRY ELEMENTS (KOHA) | |
| Source of classification or shelving scheme | Dewey Decimal Classification |
| Koha item type | BOOKs |
| Withdrawn status | Lost status | Source of classification or shelving scheme | Materials specified (bound volume or other part) | Damaged status | Not for loan | Home library | Current library | Shelving location | Date acquired | Source of acquisition | Cost, normal purchase price | Total Checkouts | Total Renewals | Full call number | Barcode | Date last seen | Date last checked out | Price effective from | Koha item type |
|---|---|---|---|---|---|---|---|---|---|---|---|---|---|---|---|---|---|---|---|
| Dewey Decimal Classification | PB | . | . | General Stacks | 24.12.2021 | Purhcased | 1481.00 | 1 | 1 | 330.1 TSI | 38517 | 02.06.2023 | 23.05.2023 | 24.12.2021 | BOOKs |